Szó és rím Dante költészet-fogalmában

Elmentve itt :
Bibliográfiai részletek
Szerző: Pál József
Dokumentumtípus: Cikk
Megjelent: 2015
Sorozat:DANTE FÜZETEK / QUADERNI DANTESCHI 12
Tárgyszavak:
mtmt:3003286
Online Access:http://publicatio.bibl.u-szeged.hu/23981
LEADER 00638nab a2200193 i 4500
001 publ23981
005 20220406114037.0
008 220406s2015 hu o 0|| Magyar d
022 |a 1787-6907 
024 7 |a 3003286  |2 mtmt 
040 |a SZTE Publicatio Repozitórium  |b hun 
041 |a Magyar 
100 1 |a Pál József 
245 1 0 |a Szó és rím Dante költészet-fogalmában  |h [elektronikus dokumentum] /  |c  Pál József 
260 |c 2015 
300 |a 143-157 
490 0 |a DANTE FÜZETEK / QUADERNI DANTESCHI  |v 12 
650 4 |a Nyelvek és irodalom 
856 4 0 |u http://publicatio.bibl.u-szeged.hu/23981/3/3003286_publikacio.pdf  |z Dokumentum-elérés